Adivina el país de Oceanía - Estadísticas

Estadísticas generales
  • Esta prueba ha sido intentada 40 veces
  • La puntuación promedio es 10 de 12
Estadísticas de respuestas
Imagen Respuesta % Correcto
Tonga
97%
Micronesia
95%
Kiribati
92%
Nauru
92%
Samoa
92%
Palaos
89%
Tuvalu
89%
Islas Salomón
86%
Vanuatu
84%
Islas Marshall
81%
Islas Cook
59%
Niue
57%
No se encontraron pruebas coincidentes
Distribución de puntuación
Porcentaje de gente con cada puntuación
Porcentaje por número respondido
Historial de tus puntuaciones
No has intentado esta prueba.